Finish the Famous Harry Potter Quote Quiz Stats

 Plays Quiz Updated Nov 27, 2018

Support Sporcle.
Go Orange.
Score 0/21 Timer 05:00
0 Plays Today
% Correct
Me
95.5%
Pocket
94.8%
Nose
94.4%
Sense
94.1%
Fire
94.1%
Suffer
93.8%
Professor
93.7%
Year
93.6%
Slytherin
93.4%
Job
93%
Worth
92.9%
% Correct
Summer
92.9%
There
92.4%
Something
91.6%
Dursleys
91.4%
Horcruxes
90.7%
Furious
90.1%
Thanks
88.6%
Life
86.1%
True
86%
Packs
82.5%

From the Vault

Moments in Sports by Decade

by aasmundks

Sports 8m
It looks like the 2013 Cooper's Hill Cheese-Rolling competition just missed the cut.
Remove Ads.
Support Sporcle.
Get the best of Sporcle when you Go Orange. This ad-free experience offers more features, more stats, and more fun while also helping to support Sporcle. Thank you for becoming a member.

Show Comments

Extras

Top Quizzes Today


Score Distribution

Your Account Isn't Verified!

In order to create a playlist on Sporcle, you need to verify the email address you used during registration. Go to your Sporcle Settings to finish the process.

Report this User

Report this user for behavior that violates our Community Guidelines.

Details: